MARC

LEADER 00000nas a2200000 a 4500
001 ssj0012543
003 WaSeSS
005 20200512172242.0
006 m d
007 cr n
008 780223c19679999dcubr p s 0 a0eng c
010 |a  85640127   |z sc 85001275   |z sn 78001118  
022 |l 0011-7625  |y 0011-7625 
032 |a 151420  |b USPS 
035 |a (WaSeSS)ssj0012543 
037 |b National Defense Transportation Association, 50 S. Pickett St. 220 Alexandria, Va 22304 
040 |a VHB  |b eng  |c VHB  |d COO  |d MUL  |d NSD  |d AIP  |d NSD  |d DLC  |d OCL  |d EBZ  |d NSD  |d NST  |d OCL  |d OCLCQ  |d OCLCF  |d OCL  |d OCLCO  |d OCLCQ  |d WaSeSS 
042 |a nsdp  |a pcc 
043 |a n-us--- 
050 0 0 |a U1  |b .A88 
210 0 |a Def. transp. j. 
222 0 |a Defense transportation journal 
245 0 0 |a Defense transportation journal  |h [electronic resource]. 
246 3 0 |a Defense transportation  |f 1970 
260 |a [Washington, D.C.] :  |b [NDTA],  |c [1967]- 
310 |a Bimonthly 
362 0 |a [Vol. 23, no. 5] (Sept.-Oct. 1967)- 
500 |a Title from cover. 
506 |a License restrictions may limit access. 
550 |a Official publication of the National Defense Transportation Association. 
610 2 0 |a National Defense Transportation Association (U.S.)  |v Periodicals. 
610 1 0 |a United States.  |b Army  |x Transportation. 
610 2 7 |a National Defense Transportation Association (U.S.)  |2 fast  |0 (OCoLC)fst00600705 
610 1 7 |a United States.  |b Army.  |2 fast  |0 (OCoLC)fst00533532 
650 0 |a Transportation, Military  |v Periodicals. 
650 7 |a Armed Forces  |x Transportation.  |2 fast  |0 (OCoLC)fst01351915 
650 7 |a Transportation, Military.  |2 fast  |0 (OCoLC)fst01155397 
651 0 |a United States  |x Armed Forces  |x Transportation  |v Periodicals. 
651 7 |a United States.  |2 fast  |0 (OCoLC)fst01204155 
655 0 |a Electronic journals. 
710 2 |a National Defense Transportation Association (U.S.) 
780 0 0 |t National defense transportation journal  |x 0193-8851  |w (DLC) 49015942  |w (OCoLC)4043048 
850 |a DLC  |a NcRS  |a ScCleU 
856 4 0 |z Full text available from Research Library: 12/01/1996 to present  |u https://search.proquest.com/publication/5760